000
00290nam a2200109Ia 4500
008
190216s9999||||xx |||||||||||||| ||und||
100
_a
Overman
245
0
_a
Anu Kenthra Resathanthrathinde Adisthana Sankalpangal
260
_b
Bhasha Institute
650
_a
Chemistry-Chemistry
942
_c
BK
999
_c
38766
_d
38766